|
|
|
|
| LEADER |
00000nam a2200000 a 4500 |
| 001 |
vtls001358370 |
| 003 |
SK-MaSNL |
| 005 |
20260301010601.0 |
| 008 |
240314s1998 xo ae r y 0 slo |
| 015 |
|
|
|a SNBA1999/09-03190
|
| 020 |
|
|
|a 8088879477
|
| 035 |
|
|
|a SNK000311891
|
| 040 |
|
|
|a SNK
|b slo
|c SNK
|e AACR2
|
| 041 |
0 |
|
|a slo
|
| 044 |
|
|
|a xo
|c SK
|
| 080 |
|
|
|a 7.097-053.2
|2 1981
|
| 100 |
1 |
|
|a Jariabková, Patrícia
|4 aut
|9 292622
|
| 245 |
1 |
0 |
|a Môj kamarát Kuko
|c napísali Kukove kamarátky Patrícia Jariabková a Danica Koršová
|
| 260 |
|
|
|a Bratislava
|b Art Area
|c 1998
|
| 300 |
|
|
|a 127 s., 1 s. príl.
|b fareb. ilustr. a fotogr.
|c 34 cm
|
| 500 |
|
|
|a Ilustr. na tit. strane a front.
|
| 504 |
|
|
|a Slovník menej známych slov
|
| 630 |
0 |
7 |
|a Od Kuka do Kuka
|x programy televízne
|2 SNK
|9 292623
|
| 655 |
|
7 |
|a príručky
|2 SNK
|9 74364
|
| 700 |
1 |
|
|a Koršová, Danica
|4 aut
|9 292624
|
| 919 |
|
|
|a 80-88879-47-7
|
| 958 |
|
|
|a TL
|
| 999 |
|
|
|c 548555
|d 550485
|
| 952 |
|
|
|t P60, <09>, [BOOK], {629}
|a SNK
|b SNK
|y NEVYP
|7 0
|o snkB 121
|i snk414/990325
|0 0
|1 0
|4 0
|d 1999-03-24
|l 0
|r 2005-01-02 00:00:00
|w 2026-02-23
|
| 952 |
|
|
|t P60, <03>, [BOOK], {603}
|a SNK
|b SNK
|y PREZ
|7 0
|p 17A0185239
|o snkSB 59974
|i snkKSP 3135/99
|0 0
|1 0
|4 0
|d 1999-03-24
|l 0
|r 2005-01-02 00:00:00
|w 2026-02-23
|
| 952 |
|
|
|t P60, <04>, [BOOK], {604}
|a SNK
|b SNK
|y VYP
|7 0
|p 17A0185240
|o snkSB 59974 D1
|i snkKSP 3136/99
|0 0
|1 0
|4 0
|d 1999-03-24
|l 0
|r 2005-01-02 00:00:00
|w 2026-02-23
|